GETS Theological Seminary Library

Christ the mediator of the law: (Record no. 13394)

MARC details
000 -LEADER
fixed length control field 00673nam a2200193Ia 4500
008 - FIXED-LENGTH DATA ELEMENTS--GENERAL INFORMATION
fixed length control field 200819s9999||||xx |||||||||||||| ||und||
020 ## - INTERNATIONAL STANDARD BOOK NUMBER
International Standard Book Number 1597527823
020 ## - INTERNATIONAL STANDARD BOOK NUMBER
International Standard Book Number 9781597527828
041 ## - LANGUAGE CODE
Language code of text/sound track or separate title eng
050 ## - LIBRARY OF CONGRESS CALL NUMBER
Classification number BX9418
Item number .M66 2006  
100 ## - MAIN ENTRY--PERSONAL NAME
Personal name Moon, Byung-Ho.
245 #0 - TITLE STATEMENT
Title Christ the mediator of the law:
Remainder of title Calvin's Christological understanding of the law as the rule of living and life-giving /
Statement of responsibility, etc. Byung-Ho Moon
260 ## - PUBLICATION, DISTRIBUTION, ETC.
Place of publication, distribution, etc. Eugene, OR. :
Name of publisher, distributor, etc. Wipf and Stock,
Date of publication, distribution, etc. 2006
300 ## - PHYSICAL DESCRIPTION
Extent xix, 307 p.
Other physical details ;
Dimensions 23 cm.
650 ## - SUBJECT ADDED ENTRY--TOPICAL TERM
Topical term or geographic name entry element Bible -- Criticism, interpretation, etc.
650 ## - SUBJECT ADDED ENTRY--TOPICAL TERM
Topical term or geographic name entry element Calvin, Jean, 1509-1564.
650 ## - SUBJECT ADDED ENTRY--TOPICAL TERM
Topical term or geographic name entry element Law (Theology) -- Biblical teaching.
Holdings
Withdrawn status Lost status Damaged status Not for loan Home library Current library Shelving location Date acquired Total Checkouts Full call number Barcode Date last seen Price effective from Koha item type
        GETS Theological Seminary Library GETS Theological Seminary Library General Stacks 08/19/2020   BX9418 .M66 2006 00003316 08/19/2020 08/19/2020 English Books
OpacCredits

Contact the Librarian, GETS Library
Email: library@mygets.org









Implemented by GETS Library
(Powered by ETCA Professional Group)
GETS Theological Seminary
412 E. Rowland Street, CA 91723